000 01103cam a2200313 a 4500
001 16113055
003 ARRUPE
005 20140830020006.0
008 100301s2010 mdu b 001 0 eng
010 _a 2010006886
015 _aGBB092854
_2bnb
016 7 _a015618871
_2Uk
020 _a9780801897641 (hbk. : alk. paper)
020 _a0801897645 (hbk. : alk. paper)
020 _a9780801897658 (pbk. : alk. paper)
020 _a0801897653 (pbk. : alk. paper)
035 _a(OCoLC)ocn542263623
040 _aDLC
_cDLC
_dYDX
_dYDXCP
_dUKM
_dBWX
_dCDX
_dERASA
_dSBM
_dDLC
050 0 0 _aJC71.P62
_bB55 2010
100 1 _aBlitz, Mark.
_99279
245 1 0 _aPlato's political philosophy /
_cMark Blitz.
260 _aBaltimore :
_bJohns Hopkins University Press,
_c2010.
300 _a326 p. ;
_c24 cm.
504 _aIncludes bibliographical references and index.
600 0 0 _aPlato
_xPolitical and social views.
_99280
906 _a7
_bcbc
_corignew
_d1
_eecip
_f20
_gy-gencatlg
942 _2lcc
_cMONOGRAPH
_03
999 _c120258
_d120258